[Event "Tashkent (Women) 2nd"]
[Site "Tashkent"]
[Date "2024.03.09"]
[Round "5"]
[White "Shukhman, Anna"]
[Black "Imomkuzieva, Nilufarkhon"]
[Result "1-0"]
[WhiteElo "2258"]
[BlackElo "1905"]
[PlyCount "73"]
[EventDate "2024.03.06"]
[EventType "swiss"]
[EventRounds "9"]
[EventCountry "UZB"]
[SourceTitle "CB12_2024"]
[SourceDate "2023.10.01"]
[SourceVersion "1"]
[SourceVersionDate "2023.10.01"]
[SourceQuality "1"]

1. e4 e5 2. Nf3 Nc6 3. Bb5 a6 4. Ba4 Nf6 5. 0-0 Be7 6. Re1 b5 7. Bb3 d6 8. c3 0-0 9. h3 Nb8 10. d4 Nbd7 11. Nbd2 Bb7 12. Bc2 Re8 13. Nf1 Bf8 14. Ng3 g6 15. Bg5 h6 16. Bd2 Bg7 17. Qc1 Kh7 18. h4 d5 19. dxe5 Nxe4 20. Nxe4 dxe4 21. Bxe4 Bxe4 22. Rxe4 Nxe5 23. Nxe5 Rxe5 24. Rxe5 Bxe5 25. Bf4 Qf6 26. Bxe5 Qxe5 27. Qe1 Qf6 28. h5 Rd8 29. hxg6+ fxg6 30. a4 Rd5 31. axb5 Qd6 32. bxa6 Rh5 33. a7 Qh2+ 34. Kf1 Qh1+ 35. Ke2 Qh4 36. a8Q Qc4+ 37. Kd2 1-0

[Event "Wch U14 Girls blitz"]
[Site "Batumi"]
[Date "2023.06.10"]
[Round "1"]
[White "Shukhman, Anna"]
[Black "Imomkuzieva, Nilufarkhon"]
[Result "1-0"]
[WhiteElo "2235"]
[BlackElo "1414"]
[PlyCount "57"]
[EventDate "2023.06.10"]
[EventType "swiss (blitz)"]
[EventRounds "11"]
[EventCountry "GEO"]
[SourceTitle "EXT 2024"]
[Source "ChessBase"]
[SourceDate "2023.10.10"]
[SourceVersion "1"]
[SourceVersionDate "2023.10.10"]
[SourceQuality "1"]
[WhiteTeam "Russia"]
[BlackTeam "Uzbekistan"]
[WhiteTeamCountry "RUS"]
[BlackTeamCountry "UZB"]

1. e4 e5 2. Nf3 Nc6 3. Bc4 Bc5 4. b4 Bxb4 5. c3 Ba5 6. d4 exd4 7. 0-0 d6 8. Qb3 Qd7 9. cxd4 Bb6 10. Bb5 a6 11. Ba4 Ba7 12. d5 b5 13. dxc6 Qxc6 14. Qb2 Nf6 15. Bb3 Bg4 16. Nbd2 0-0 17. e5 dxe5 18. Nxe5 Qd6 19. Nxg4 Nxg4 20. Nf3 Nxh2 21. Nxh2 Bd4 22. Qb1 Qf6 23. Ba3 c5 24. Nf3 Bc3 25. Bxc5 Rfc8 26. Be3 Bxa1 27. Qxa1 Qg6 28. Ne5 Qf5 29. Nxf7 1-0

[Event "Wch U14 Girls rapid"]
[Site "Batumi"]
[Date "2023.06.08"]
[Round "11"]
[White "Zubkovskaya, Ekaterina"]
[Black "Imomkuzieva, Nilufarkhon"]
[Result "0-1"]
[WhiteElo "1547"]
[BlackElo "1530"]
[PlyCount "138"]
[EventDate "2023.06.06"]
[EventType "swiss (rapid)"]
[EventRounds "11"]
[EventCountry "GEO"]
[SourceTitle "EXT 2024"]
[Source "ChessBase"]
[SourceDate "2023.10.10"]
[SourceVersion "1"]
[SourceVersionDate "2023.10.10"]
[SourceQuality "1"]
[WhiteTeam "FIDE"]
[BlackTeam "Uzbekistan"]
[BlackTeamCountry "UZB"]

1. e4 e5 2. Nf3 Nc6 3. Bb5 a6 4. Ba4 Nf6 5. 0-0 b5 6. Bb3 Be7 7. Re1 d6 8. h3 0-0 9. c3 Nb8 10. d4 Nbd7 11. Bg5 c5 12. Nbd2 Bb7 13. d5 c4 14. Bc2 Nxd5 15. exd5 Bxg5 16. Nxg5 Qxg5 17. Ne4 Qe7 18. Ng3 g6 19. b3 Nb6 20. bxc4 Nxc4 21. a4 bxa4 22. Qg4 Bxd5 23. Rxa4 Nb6 24. Rb4 Be6 25. Qf3 Nd5 26. Ra4 f5 27. c4 Nb6 28. Rb4 Nxc4 29. Rb7 Qf6 30. Bb3 e4 31. Qf4 Ne5 32. Bxe6+ Qxe6 33. Reb1 Nf7 34. Ne2 Qe5 35. Qe3 d5 36. R7b4 a5 37. Ra4 Nd6 38. Nd4 Nc4 39. Qc3 Rfc8 40. Qa1 Rab8 41. Rd1 Nb2 42. Ne2 Qd6 43. Rxa5 Nxd1 44. Qxd1 d4 45. g3 d3 46. Nf4 Qc7 47. Ra1 Qc2 48. Qf1 Ra8 49. Rd1 Ra2 50. Nd5 Qc5 51. Ne3 Qa5 52. g4 f4 53. Ng2 f3 54. Ne3 Ra8 55. Kh2 Ra1 56. h4 Qe5+ 57. Kh3 Rxd1 58. Nxd1 Ra1 59. Qe1 Qe6 60. Qd2 h5 61. Qf4 Qxg4+ 62. Qxg4 hxg4+ 63. Kxg4 Rxd1 64. h5 gxh5+ 65. Kg3 Rg1+ 66. Kh2 Rg2+ 67. Kh3 d2 68. Kh4 d1Q 69. Kh3 Qh1# 0-1

[Event "Wch U12 Girls"]
[Site "Batumi"]
[Date "2022.09.27"]
[Round "11"]
[White "Negre, Emilie"]
[Black "Imomkuzieva, Nilufarkhon"]
[Result "1/2-1/2"]
[WhiteElo "1722"]
[BlackElo "1481"]
[PlyCount "90"]
[EventDate "2022.09.16"]
[EventType "swiss"]
[EventRounds "11"]
[EventCountry "GEO"]
[SourceTitle "EXT 2023"]
[Source "ChessBase"]
[SourceDate "2022.10.05"]
[SourceVersion "1"]
[SourceVersionDate "2022.10.05"]
[SourceQuality "1"]

1. c4 Nf6 2. Nf3 c5 3. d4 cxd4 4. Nxd4 g6 5. Nc3 Bg7 6. e4 d6 7. Be2 0-0 8. Be3 Nc6 9. 0-0 Bd7 10. Qd2 Rc8 11. Rac1 Na5 12. b3 Nc6 13. Rfd1 b6 14. f3 h5 15. Bf1 Kh7 16. Qf2 Qc7 17. Nd5 Qb7 18. Qh4 Rfe8 19. Nb5 Nxd5 20. exd5 Ne5 21. Nd4 Bh6 22. Bxh6 Kxh6 23. Re1 f6 24. f4 Nf7 25. Be2 Kg7 26. f5 Rh8 27. fxg6 Ne5 28. Bd3 Rcg8 29. Bf5 Bxf5 30. Nxf5+ Kxg6 31. Qe4 Kf7 32. Qe3 Rg5 33. Nd4 Rhg8 34. Rc2 Qc8 35. Ne6 R5g6 36. Qh3 h4 37. Rf1 Rh8 38. Qf5 Rhg8 39. Qh5 Rh8 40. Qf5 Rhg8 41. Qh5 Rh8 42. Qf5 Rhg8 43. Qh5 Rh8 44. Ng5+ Kg7 45. Ne6+ Kf7 1/2-1/2

[Event "Wch U12 Girls"]
[Site "Batumi"]
[Date "2022.09.23"]
[Round "7"]
[White "Valiyeva, Asnad"]
[Black "Imomkuzieva, Nilufarkhon"]
[Result "0-1"]
[WhiteElo "1265"]
[BlackElo "1481"]
[PlyCount "79"]
[EventDate "2022.09.16"]
[EventType "swiss"]
[EventRounds "11"]
[EventCountry "GEO"]
[SourceTitle "EXT 2023"]
[Source "ChessBase"]
[SourceDate "2022.10.05"]
[SourceVersion "1"]
[SourceVersionDate "2022.10.05"]
[SourceQuality "1"]

1. d4 Nf6 2. Bf4 c5 3. e3 g6 4. c3 cxd4 5. exd4 Bg7 6. Be2 d6 7. h3 0-0 8. Nf3 Nc6 9. 0-0 Qb6 10. Qb3 Qc7 11. Nbd2 e5 12. dxe5 dxe5 13. Be3 Be6 14. Qa3 b6 15. Bc4 Bxc4 16. Nxc4 Nd5 17. Qd6 Qxd6 18. Nxd6 Rad8 19. Nc4 Nxe3 20. Nxe3 e4 21. Nh2 f5 22. Rfd1 Ne5 23. Rab1 Nd3 24. Nhf1 Rd7 25. Nc2 Rfd8 26. Ne1 Nc5 27. Rxd7 Rxd7 28. Ne3 Na4 29. N1c2 Rd2 30. Rd1 Rd3 31. Rb1 b5 32. g3 Bh6 33. Kf1 Rd2 34. Nd4 Bxe3 35. fxe3 a6 36. b3 Nxc3 37. Rc1 Nd5 38. Rc8+ Kf7 39. Nc2 Rxc2 40. Ke1 0-1

[Event "Wch U12 Girls"]
[Site "Batumi"]
[Date "2022.09.20"]
[Round "5"]
[White "Yousefian, Maedeh"]
[Black "Imomkuzieva, Nilufarkhon"]
[Result "1/2-1/2"]
[WhiteElo "1765"]
[BlackElo "1481"]
[PlyCount "130"]
[EventDate "2022.09.16"]
[EventType "swiss"]
[EventRounds "11"]
[EventCountry "GEO"]
[SourceTitle "EXT 2023"]
[Source "ChessBase"]
[SourceDate "2022.10.05"]
[SourceVersion "1"]
[SourceVersionDate "2022.10.05"]
[SourceQuality "1"]

1. e4 e5 2. Bc4 Nf6 3. Nc3 Nc6 4. d3 Bb4 5. Nf3 d6 6. h3 Be6 7. Bb3 Bxb3 8. axb3 d5 9. exd5 Nxd5 10. Bd2 0-0 11. 0-0 Bxc3 12. bxc3 f5 13. c4 Nf6 14. Bc3 Re8 15. Qd2 h6 16. b4 e4 17. Nh4 exd3 18. cxd3 Ne4 19. dxe4 Qxh4 20. Qd5+ Kh8 21. exf5 Rad8 22. Qf7 Nd4 23. Bxd4 Qxd4 24. Rae1 Rf8 25. Qxc7 Rc8 26. Qxb7 Rxc4 27. Qf3 Rxb4 28. Re7 a5 29. Rfe1 a4 30. Qh5 Rb2 31. R7e2 Rxe2 32. Qxe2 Rxf5 33. Qc2 Rf8 34. Re4 Qa1+ 35. Kh2 a3 36. Ra4 Qb2 37. Qc4 Rb8 38. Ra7 Rf8 39. Ra4 Rd8 40. Qf7 Rb8 41. Ra7 Qe5+ 42. f4 Qb2 43. h4 Rd8 44. h5 Rc8 45. Qe6 Rf8 46. Ra4 Qb5 47. Rxa3 Qxh5+ 48. Rh3 Qf5 49. Qxf5 Rxf5 50. Rh4 Kg8 51. Kg3 Kf7 52. Kg4 Ra5 53. Rh1 Kg6 54. Rc1 h5+ 55. Kh4 Kf5 56. g3 g6 57. Rc8 Rb5 58. Rf8+ Ke6 59. Re8+ Kf6 60. Ra8 Kf5 61. Re8 Kf6 62. Kh3 Ra5 63. Re3 Kf5 64. Re1 Rb5 65. Re2 Ra5 1/2-1/2

[Event "Wch U12 Girls"]
[Site "Batumi"]
[Date "2022.09.19"]
[Round "4"]
[White "Nahapetyan, Ani"]
[Black "Imomkuzieva, Nilufarkhon"]
[Result "0-1"]
[WhiteElo "1117"]
[BlackElo "1481"]
[PlyCount "78"]
[EventDate "2022.09.16"]
[EventType "swiss"]
[EventRounds "11"]
[EventCountry "GEO"]
[SourceTitle "EXT 2023"]
[Source "ChessBase"]
[SourceDate "2022.10.05"]
[SourceVersion "1"]
[SourceVersionDate "2022.10.05"]
[SourceQuality "1"]

1. e4 e5 2. Nf3 Nc6 3. Bc4 Bc5 4. d3 Nf6 5. c3 d6 6. h3 0-0 7. 0-0 Be6 8. Bxe6 fxe6 9. b4 Bb6 10. a4 a6 11. Be3 Bxe3 12. fxe3 d5 13. exd5 exd5 14. Qb3 Kh8 15. Ra2 Qd6 16. Nbd2 Ne7 17. c4 Nf5 18. Re1 e4 19. dxe4 dxe4 20. Ng5 Qe7 21. Qb1 Rae8 22. h4 Nxh4 23. Rf1 Ng6 24. b5 Qe5 25. Ndxe4 Nxe4 26. Rxf8+ Rxf8 27. Nxe4 Re8 28. Rd2 Nf8 29. Rd4 c5 30. bxc6 bxc6 31. c5 Ne6 32. Rc4 Ng5 33. Nf2 Qxe3 34. Qf5 h6 35. Rh4 Qg3 36. Rxh6+ gxh6 37. Qf6+ Kh7 38. Qf5+ Kg7 39. Qd7+ Kf8 0-1

[Event "Moscow Botvinnik Memorial Cup"]
[Site "Moscow"]
[Date "2022.08.22"]
[Round "7.4"]
[White "Imomkuzieva, Nilufarkhon"]
[Black "Kostenko, Petr"]
[Result "1/2-1/2"]
[WhiteElo "1481"]
[BlackElo "2397"]
[PlyCount "288"]
[EventDate "2022.08.18"]
[EventType "team-tourn"]
[EventRounds "9"]
[EventCountry "RUS"]
[SourceTitle "CBM 209 Extra"]
[Source "ChessBase"]
[SourceDate "2022.09.30"]
[SourceVersion "1"]
[SourceVersionDate "2022.09.30"]
[SourceQuality "1"]
[WhiteTeam "Uzbekistan"]
[BlackTeam "Kazakhstan"]
[WhiteTeamCountry "UZB"]
[BlackTeamCountry "KAZ"]

1. e4 c6 2. d4 d5 3. exd5 cxd5 4. c4 Nf6 5. Nc3 g6 6. h3 Bg7 7. Nf3 0-0 8. Be2 Nc6 9. 0-0 dxc4 10. Bxc4 Na5 11. Be2 Be6 12. Be3 Rc8 13. Rc1 a6 14. Qd2 Bc4 15. b3 Bxe2 16. Nxe2 Rxc1 17. Rxc1 Nc6 18. Bh6 Qd6 19. Bf4 Qe6 20. Be5 Rd8 21. Qc2 Nd5 22. Bxg7 Kxg7 23. a3 Rc8 24. Ng5 Qf5 25. Qxf5 gxf5 26. Nf3 Rc7 27. Kf1 Na5 28. Rxc7 Nxc7 29. Nc1 Nb5 30. a4 Nc3 31. Ke1 Nc6 32. Nd3 a5 33. Nc5 b6 34. Nd7 Nd5 35. g3 f6 36. Nd2 Nxd4 37. Nc4 Nxb3 38. Ndxb6 Nc3 39. f3 Kf7 40. Kf2 Nc5 41. Nxa5 N5xa4 42. Nxa4 Nxa4 43. Nc6 e6 44. f4 h5 45. Nd4 Ke7 46. Kf3 Kd6 47. g4 fxg4+ 48. hxg4 hxg4+ 49. Kxg4 Nc3 50. Kf3 Kd5 51. Ke3 Nd1+ 52. Kd3 Nf2+ 53. Ke3 Nd1+ 54. Kd3 Nb2+ 55. Ke3 Nc4+ 56. Kd3 Nd6 57. Ke3 Nb7 58. Kd3 Nc5+ 59. Ke3 Kc4 60. Nc6 f5 61. Ne5+ Kd5 62. Nd3 Kc4 63. Ne5+ Kc3 64. Nc6 Nb3 65. Na7 Nd4 66. Nc8 Nc2+ 67. Ke2 Kd4 68. Nd6 Nb4 69. Nf7 Nd3 70. Kf3 Nc5 71. Ne5 Ne4 72. Nf7 Nc5 73. Ng5 Kd3 74. Nf7 Nb3 75. Ne5+ Kd2 76. Nc4+ Kc3 77. Ne5 Nd2+ 78. Ke2 Nb3 79. Ke3 Nd4 80. Nf7 Nc2+ 81. Ke2 Kd4 82. Ng5 Kd5 83. Kd3 Na3 84. Nf7 Nc4 85. Ng5 Nd6 86. Nf3 Ne4 87. Nd4 Nc5+ 88. Ke3 Kc4 89. Nf3 Nb3 90. Ng5 Nd4 91. Kd2 Kd5 92. Kd3 Nc6 93. Kc3 Ne7 94. Kd3 Ng6 95. Nh3 Nh4 96. Ng5 Ng2 97. Nh3 Kc5 98. Ke2 Kd4 99. Kf2 Nh4 100. Ng5 Kd5 101. Kg3 Ng6 102. Kf3 Kd6 103. Ke3 Ke7 104. Nf3 Kf6 105. Ne1 Ne7 106. Kd4 Nd5 107. Nd3 Ke7 108. Ke5 Nf6 109. Kd4 Kd6 110. Ne5 Nd5 111. Nd3 Ne7 112. Nf2 Nc6+ 113. Ke3 Kd5 114. Nh3 Nd4 115. Ng5 Kc4 116. Kd2 Nb3+ 117. Ke3 Nc5 118. Nf3 Kc3 119. Ng5 Kc4 120. Nf3 Ne4 121. Ne5+ Kc3 122. Nf7 Nf6 123. Ng5 Nd5+ 124. Kf3 Nc7 125. Ke3 Kc4 126. Nf7 Nd5+ 127. Kf3 Kd3 128. Ne5+ Kc3 129. Nf7 Kd2 130. Ng5 Nc7 131. Kf2 Kd3 132. Kf3 Nb5 133. Nxe6 Nd4+ 134. Nxd4 Kxd4 135. Kg3 Ke3 136. Kg2 Kxf4 137. Kf2 Ke4 138. Ke2 f4 139. Kf2 f3 140. Kf1 Kf4 141. Kf2 Kg4 142. Kf1 Kg3 143. Kg1 f2+ 144. Kf1 Kf3 1/2-1/2

[Event "Moscow Botvinnik Memorial Cup"]
[Site "Moscow"]
[Date "2022.08.20"]
[Round "5.3"]
[White "Imomkuzieva, Nilufarkhon"]
[Black "Nikitenko, Mihail"]
[Result "0-1"]
[WhiteElo "1481"]
[BlackElo "2450"]
[PlyCount "92"]
[EventDate "2022.08.18"]
[EventType "team-tourn"]
[EventRounds "9"]
[EventCountry "RUS"]
[SourceTitle "CBM 209 Extra"]
[Source "ChessBase"]
[SourceDate "2022.09.30"]
[SourceVersion "1"]
[SourceVersionDate "2022.09.30"]
[SourceQuality "1"]
[WhiteTeam "Uzbekistan"]
[BlackTeam "Belarus"]
[WhiteTeamCountry "UZB"]
[BlackTeamCountry "BLR"]

1. e4 e6 2. d4 d5 3. exd5 exd5 4. Bd3 Bd6 5. Ne2 Bg4 6. f3 Bh5 7. Ng3 Bg6 8. 0-0 Nc6 9. Re1+ Nge7 10. Be3 Nb4 11. Bb5+ c6 12. Ba4 Na6 13. Nd2 Nc7 14. c3 Ne6 15. Bc2 Qc7 16. Ngf1 h5 17. c4 dxc4 18. Nxc4 Rd8 19. a3 h4 20. Rc1 Bf4 21. Bxg6 Nxg6 22. Bxf4 Qxf4 23. Re4 Qf6 24. Nfe3 0-0 25. Ng4 Qg5 26. Rc2 Ngf4 27. Rd2 f5 28. Re5 Qg6 29. Nge3 Nxd4 30. Kf2 Nde6 31. Nd6 Qg5 32. Qb3 Rf6 33. Qxb7 Nxg2 34. Rxe6 Nxe3 35. Rxe3 Rg6 36. Qf7+ Kh7 37. Qe7 Qg1+ 38. Ke2 Qxh2+ 39. Kd1 Rgxd6 40. Rxd6 Rxd6+ 41. Kc1 Qg1+ 42. Kc2 Qd1+ 43. Kc3 Qd4+ 44. Kc2 Qc5+ 45. Kb1 Rd1+ 46. Ka2 Qc4+ 0-1

[Event "Moscow Botvinnik Memorial Cup"]
[Site "Moscow"]
[Date "2022.08.19"]
[Round "3.2"]
[White "Imomkuzieva, Nilufarkhon"]
[Black "Sharifov, Mekhriddin"]
[Result "0-1"]
[WhiteElo "1481"]
[BlackElo "2097"]
[PlyCount "158"]
[EventDate "2022.08.18"]
[EventType "team-tourn"]
[EventRounds "9"]
[EventCountry "RUS"]
[SourceTitle "CBM 209 Extra"]
[Source "ChessBase"]
[SourceDate "2022.09.30"]
[SourceVersion "1"]
[SourceVersionDate "2022.09.30"]
[SourceQuality "1"]
[WhiteTeam "Uzbekistan"]
[BlackTeam "Tajikistan"]
[WhiteTeamCountry "UZB"]
[BlackTeamCountry "TJK"]

1. e4 c5 2. Nf3 d6 3. d4 cxd4 4. Nxd4 Nf6 5. Nc3 g6 6. Be3 Bg7 7. f3 0-0 8. g4 Be6 9. Qd2 Nc6 10. h4 h5 11. gxh5 Nxd4 12. Bxd4 Nxh5 13. Bxg7 Kxg7 14. 0-0-0 Qa5 15. Kb1 Rac8 16. Qd4+ Kh7 17. Rg1 Qc5 18. Rg5 Qxd4 19. Rxd4 a6 20. a4 Rc5 21. Rb4 Rc7 22. Nd1 f6 23. Rg1 Kg7 24. Ne3 Kf7 25. Bd3 Nf4 26. Ng2 Nh3 27. Rh1 Rh8 28. f4 Nf2 29. Rh2 Nxd3 30. cxd3 Rh5 31. Ne3 Ke8 32. Nf1 g5 33. hxg5 Rxh2 34. Nxh2 fxg5 35. fxg5 Kf7 36. Nf3 Kg6 37. Rd4 Bg4 38. Nh2 Be2 39. e5 dxe5 40. Rd5 e6 41. Rxe5 Bxd3+ 42. Ka2 Bf5 43. Nf3 Rc4 44. Kb3 Rf4 45. Re3 Be4 46. Nd4 e5 47. Ne2 Rf3 48. Rc3 Kxg5 49. Kc4 Kg4 50. Nc1 Rxc3+ 51. Kxc3 Kf3 52. Kd2 Kf2 53. Na2 Bf3 54. Nc3 Bc6 55. a5 Kf3 56. Nd1 Ke4 57. Ne3 Kd4 58. Nf5+ Kc4 59. Ne3+ Kb3 60. Nd1 e4 61. Kc1 Kb4 62. Kd2 Kxa5 63. Kc3 Kb5 64. Ne3 Kc5 65. b4+ Kd6 66. Kd4 Ke6 67. Nf1 Kf5 68. Ne3+ Kf4 69. Ng2+ Kf3 70. Ne3 Ba4 71. Nf1 Bc6 72. Ne3 Bb5 73. Nd5 b6 74. Ne3 a5 75. bxa5 bxa5 76. Ng2 Kxg2 77. Kxe4 a4 78. Kd4 a3 79. Kc3 Ba4 0-1